| 000 | 00675cam a2200229 a 4500 | ||
|---|---|---|---|
| 005 | 20131114081812.0 | ||
| 008 | 050607s2005 mnua 001 0 eng | ||
| 020 | _a0314160396 | ||
| 041 | 0 | _aeng | |
| 080 |
_a34 _x(4) |
||
| 100 | 1 | _aFolsom, Ralph Haughwout. | |
| 245 | 1 | 0 |
_aEuropean Union law in a nutshell / _cby Ralph H. Folsom. |
| 250 | _a5th ed. | ||
| 260 |
_aSt. Paul, MN : _bThomson/West, _cc2005. |
||
| 300 |
_axxi, 385 p. : _bill. ; _c19 cm. |
||
| 490 | 1 | _aWest nutshell series | |
| 500 | _aPreface to the fifth edition : f. III-IV | ||
| 500 | _aIncludes index. | ||
| 650 | 0 |
_aLigji _zVendet e Unionit Europian |
|
| 830 | 0 | _aNutshell series. | |
| 942 |
_2udc _cBK |
||
| 999 |
_c314 _d314 |
||